Quizzes
Events
Quiz Creation
Community
Videos
Private Events
Remove Ads
Sign In
Join for FREE
Feedback
Dark Mode
Quiz Categories
Sports
Geography
Music
Movies
Television
Just For Fun
Miscellaneous
History
Literature
Language
Science
Gaming
Entertainment
Religion
Holiday
For Kids
Quiz Lab
Recent
Popular Today
Quiz Kudos Today
Editor Picks
Curator Picks
Quizzes by...
Day
Popularity
Type
Ratings
Length
Year
Community
Subscriptions
Recent Discussions
Orange Saloon
Badges
Playlists
Quests
Create
Leaderboards
Showdown
Live 5
Trivia Bingo
Activity
Puzzle Library
Sporcle Events
Private Events
Virtual Trivia
Globe League
Become a Host
Pub Owners
SporcleCon
Opinionation
Our Games
Videos
Blog
Mobile Apps
Partnerships
Remove Ads and Go Orange
Feedback
Music
Pop Music
The Beatles
Song
Album
Lyrics
Bands
Singers
Artist
Clip
Rock
Rap
Classical
Billboard
Country Music
Kpop
Taylor Swift
Music
Pop Music
The Beatles
Song
Album
Lyrics
Bands
Singers
Artist
Clip
Rock
Rap
Classical
Billboard
Country Music
Kpop
Taylor Swift
Random Quiz
Search Sporcle
×
Quiz Lab
Quiz Lab
Music
City
Type in answers that appear in a list
Type in answers that appear in a list
Classic
Best Score? Go Orange.
Name the lyrics to this song by Owl city Stats
Can you name the Name the lyrics to this song by Owl city?
By
Pixane13
12m
200 Questions
449 Plays
449 Plays
449 Plays
Comments
Comments
Give Quiz Kudos
Give Quiz Kudos
-
- Ratings
hide this ad
More Info
Replay
Link that replays current quiz
Next Quiz
Link to next quiz in quiz playlist
You Got
0%
They Got
Avg Score
68%
Avg Friend Score
Upgrade to see
Score Distribution
Jump to the score distribution portion of the page
Score
0/200
Timer
12:00
0
Plays Today
Lyric
% Correct
the
92.4%
the
92.4%
and
92.4%
and
92.4%
a
92.4%
a
92.4%
a
92.4%
a
92.4%
a
92.4%
a
92.4%
You
92.2%
you
92.2%
your
80.4%
if
80%
to
78.8%
to
78.8%
to
78.8%
to
78.8%
to
78.8%
to
78.8%
to
78.8%
to
78.8%
fireflies
77.3%
fireflies
77.3%
not
77.1%
me
76.8%
me
76.8%
me
76.8%
me
76.8%
me
76.8%
an
76.6%
as
75.5%
as
75.5%
as
75.5%
as
75.5%
would
75.1%
would
75.1%
it
75.1%
my
75.1%
my
75.1%
it
75.1%
my
75.1%
eyes
74.8%
ten
74.8%
ten
74.8%
ten
74.8%
believe
74.4%
million
74.4%
believe
74.4%
believe
74.4%
million
74.4%
is
73.9%
is
73.9%
is
73.9%
up
73.5%
when
73.5%
when
73.5%
when
73.5%
when
73.5%
I
72.8%
I
72.8%
I
72.8%
I
72.8%
I
72.8%
I
72.8%
I
72.8%
I'm
71.9%
Lyric
% Correct
I'm
71.9%
I'm
71.9%
I'm
71.9%
that
70.8%
that
70.8%
that
70.8%
that
70.8%
world
70.6%
asleep
70.4%
like
70.4%
asleep
70.4%
like
70.4%
asleep
70.4%
asleep
70.4%
like
70.4%
asleep
70.4%
lit
69.9%
fell
69.3%
cause
69%
cause
69%
cause
69%
cause
69%
cause
69%
cause
69%
they
68.4%
they
68.4%
I'd
68.2%
I'd
68.2%
I'd
68.2%
I'd
68.2%
slowly
67.9%
slowly
67.9%
make
67.7%
earth
67.7%
make
67.7%
earth
67.7%
turns
67.3%
turns
67.3%
just
66.6%
myself
66.6%
just
66.6%
myself
66.6%
just
66.6%
its
66.4%
its
66.4%
do
66.4%
planet
65.9%
planet
65.9%
but
65.5%
air
64.6%
open
64.4%
open
64.4%
awake
64.1%
awake
64.1%
leave
63.9%
say
63.9%
say
63.9%
leave
63.9%
rather
63.7%
rather
63.7%
think
63.3%
never
63.3%
from
63.3%
never
63.3%
from
63.3%
from
63.3%
from
63.3%
Lyric
% Correct
tear
63%
drops
63%
stay
63%
stay
63%
everywhere
62.8%
thousand
62.6%
thousand
62.6%
hard
62.4%
hard
62.4%
everything
62.1%
seems
62.1%
everything
62.1%
seems
62.1%
stare
61.9%
fall
61.9%
fall
61.9%
bed
61.7%
how
61.2%
beneath
61%
dance
60.8%
fill
60.6%
stand
60.6%
by
60.6%
head
60.4%
take
60.4%
take
60.4%
take
60.4%
bugs
60.1%
above
60.1%
away
60.1%
away
60.1%
away
60.1%
ball
59.7%
thread
59.5%
get
59.2%
disco
59.2%
hanging
59.2%
here
59.2%
here
59.2%
here
59.2%
hugs
58.8%
sock
58.6%
lightning
58.4%
try
58.4%
teach
58.4%
foxtrot
58.4%
hop
58.4%
rude
58.1%
feel
58.1%
too
57.7%
door
57.5%
of
57.5%
crack
56.8%
please
56.6%
please
56.6%
please
56.6%
why
55.7%
tire
55.2%
tired
54.6%
insomniac
53.7%
weird
53.7%
sheep
53.5%
such
53%
counting
53%
far
53%
hate
53%
Quiz Playlist
Details
Report
Send in Message
Add To Playlist
More Info:
The limit was too small to fit the song I will continue it in a part two
Classic:
Type in answers that appear in a list
Quiz Source
Last Updated: Feb 16, 2017
Quiz Scoreboard
CHALLENGE
Sign Up to Join the Scoreboard
Show All
Scores
Hide
Comments
May contain spoilers
Recently Published
One Thing in Common: World Cities II
by knightlancer
Geography
7m
Popular People in 1961
by mucciniale
History
6m
1-10 Letter E Words III
by El_Dandy
Language
2m
More to Explore
Quiz From the Vault
Featured Blog Post
Where Did the Easter Bunny Come From?
hide this ad
You Might Also Like...
Tags
City Quiz
Song Quiz
Owl
Today's Top Quizzes in Music
Browse Music
hide this ad
Today's Top Quizzes in City
Browse City
Top Contributed Quizzes in Music
1
Taylor Swift All Songs (2024)
2
2010s Album by Cover III
3
One Thing in Common: Music
4
Taylor Swift Logic Puzzle
5
Guess the Artist- 70s Songs
6
2010s Album by Cover IV
7
Guess the Taylor Swift song (Mystery Song)
8
2010s Album by Cover V
9
Lana Del Rey Discography (BTD to DYKTTATUOB)
10
2010s Album by Cover VI
Explore More
Trending Topics
Disney
Crossword
Harry Potter
Marvel
NBA
Anime
Kpop
WWE
Pokémon
Country
The Office
Puzzle
Soccer
NFL
Song
hide this ad
More By:
Pixane13
Quiz
Plays
Rating
Category
Featured
Created
Name the lyrics to this song by Owl city
449
4.00
Music
Dec 20, 2010
Name the lyrics to this song by Owl city
306
3.00
Music
Dec 20, 2010
Names characters of LSWCS from episode I
28
1.00
Gaming
Sep 11, 2010
Go to Creator's Profile
Score Distribution
Quiz Creator Spotlight
Pixane13
Follow
Send a Message
Quizzes Created
-
Created Quiz Play Count
-
More By This Creator
Popular Quizzes Today
1
Find the US States - No Outlines Minefield
2
Find the Countries of Europe - No Outlines Minefield
3
The Countries of the World
4
Popular People in 1961
5
1-10 Letter E Words III
6
Find the US States
7
One Thing in Common: World Cities II
8
US States
More Music Quizzes
5-Star Albums (Bands)
Published
Trending Quizzes
Risky Map Clicking: Least Populous States A-Z
1-10 Letter F Words
1-10 Letter G Words
One Thing in Common: United Kingdom
Risky Map Clicking: Biggest States A-Z
Recently Updated
Leaping Animals
pecheneg
Reality TV Shows (A-Z)
bhenderson79
Rickey Henderson's Hall of Fame Teammates
pecheneg
Champions League XIs: Arsenal
pecheneg
Quick Pick: Celebrities in WWE's Hall of Fame
aduchscher
A-Z Keypad Blitz II
pecheneg
Multiple Oscar Actors
pecheneg
Mystery Phrase Blitz: Oscar 'Best Actors'
pecheneg
F. Scott Fitzgerald Novels
LTH
Pick 3 Villains
ddd62291
Trending Topics
Anime
Kpop
NBA
Crossword
Marvel
Harry Potter
Disney
Country
Soccer
Song
The Office
Pokémon
WWE
NFL
Puzzle
Your Account Isn't Verified!
In order to create a playlist on Sporcle, you need to verify the email address you used during registration. Go to your
Sporcle Settings
to finish the process.
Report this User
Report this user for behavior that violates our
Community Guidelines
.
Details:
Send Report
Go to the Sporcle.com Mobile Site →
Comments